Social business and base of the pyramid : Levers of strategic renewal
This book analyzes how social business and base of the pyramid approaches allow companies to reinvent themselves, or in other words how they are the levers for strategic renewal.
Gardado en:
| Autor Principal: | |
|---|---|
| Formato: | Libro |
| Idioma: | Undetermined |
| Publicado: |
Hoboken, NJ
Wiley
2016
|
| Những chủ đề: | |
| Các nhãn: |
Engadir etiqueta
Sen Etiquetas, Sexa o primeiro en etiquetar este rexistro!
|
| Thư viện lưu trữ: | Trung tâm Học liệu Trường Đại học Cần Thơ |
|---|
| LEADER | 00841nam a2200217Ia 4500 | ||
|---|---|---|---|
| 001 | CTU_207690 | ||
| 008 | 210402s9999 xx 000 0 und d | ||
| 020 | |c 2383000 | ||
| 082 | |a 658.408 | ||
| 082 | |b F175 | ||
| 100 | |a Faivre-Tavignot, Bénédicte | ||
| 245 | 0 | |a Social business and base of the pyramid : | |
| 245 | 0 | |b Levers of strategic renewal | |
| 245 | 0 | |c Bénédicte Faivre-Tavignot | |
| 260 | |a Hoboken, NJ | ||
| 260 | |b Wiley | ||
| 260 | |c 2016 | ||
| 520 | |a This book analyzes how social business and base of the pyramid approaches allow companies to reinvent themselves, or in other words how they are the levers for strategic renewal. | ||
| 650 | |a Trách nhiệm xã hội của doanh nghiệp,Social responsibility of business | ||
| 904 | |i Hải | ||
| 980 | |a Trung tâm Học liệu Trường Đại học Cần Thơ | ||